| 000 | 01356nam a2200313Ia 4500 | ||
|---|---|---|---|
| 005 | 20211105120606.0 | ||
| 008 | 130821s2014 xxuad fr eng | ||
| 020 | _a9781609139568 (7a.Ed.) | ||
| 020 | _a9780781769068 (6a.Ed.) | ||
| 040 |
_aCO-BoUCM _bspa _cSaul Niño (Modificó) _dAldemar Mondragón (modificó) |
||
| 041 | 0 | 0 | _aeng |
| 060 | _aQT 18.2 | ||
| 110 | 2 |
_aAmerican College of Sports Medicine. ACSM _930101 |
|
| 245 | 0 | 0 |
_aACSM's resource manual for guidelines for exercise testing and prescription _cAmerican College of Sports Medicine ; Jonathan K. Ehrman, editor |
| 246 | 1 | 3 | _aResource manual for guidelines for exercise testing and prescription |
| 250 | _a7th ed | ||
| 260 |
_aFiladelfia (Pensilvania, Estados Unidos) _bLippincott Williams & Wilkins _c2014 |
||
| 300 |
_axv, 862 páginas _bilustraciones, cuadros, gráficas |
||
| 504 | _aIncluye referencias bibliográficas e índices | ||
| 650 |
_aFisioterapia _915956 |
||
| 650 | 7 |
_aEjercicio _913933 |
|
| 650 | 7 |
_aEjercicio _xAspectos fisiológicos _913945 |
|
| 650 | 7 |
_aMedicina del deporte _919144 |
|
| 650 | 7 |
_aRehabilitación _9361 |
|
| 690 |
_aFisioterapia _915956 |
||
| 700 | 1 |
_aSwain, David P. _eeditor _930102 |
|
| 856 | 4 |
_uthepoint.lww.com/activate _zEste recurso requiere clave, por favor solicítela en la USEB |
|
| 942 |
_cLIBRO _a26 _e7 _mA686a _2NLM _hQT 18.2 _n0 |
||
| 999 |
_c63637 _d63637 |
||